Statistics for Video Game Franchises | #6

Click here to take the quiz!

General Stats

  • This quiz has been taken 14 times
  • The average score is 8 of 30

Answer Stats

YearGamesFranchise% Correct
1999Pro Skater 2, Underground, Proving GroundTony Hawk's
91%
1993Extreme, On Fire Edition, 99, 2000, 2002NBA Jam
82%
2001Dante's Awakening, 2, 4, DmCDevil May Cry
73%
1981Country, Country Returns, Jungle BeatDonkey Kong
73%
1988Football, '89, '90, '91, '16, Head CoachMadden NFL
64%
2004Damacy, Forever, Touch My ..., AmoreKatamari
45%
2011Trap Team, SuperChargers, GiantsSkylanders
45%
1996Edge, Calibur, II, III, IV, V, LegendsSoul
45%
20042, Tri, 4, XMonster Hunter
36%
2007Assassin of Kings, Wild HuntThe Witcher
36%
2001PM 1, PM 2, PM 3Pikmin
27%
1993Dragon Quarter, BoF II, BoF 6Breath of Fire
18%
19912, Special, Wild Ambition, Real Bout SpecialFatal Fury
18%
19961, UnJammer Lammy, 2PaRappa the Rapper
18%
2001Deluxe, Jr., Touch & Roll, Banana BlitzSuper Monkey Ball
18%
2011Brave, OzTemple Run
18%
2005Kenzan!, Kurohyou, Dead Souls, Ishin!Yakuza / Ryū ga Gotoku
18%
2007Heroes of Lagaard, The Drowned CityEtrian Odyssey
9%
2008Karting, 2, 3, PS VitaLittleBigPlanet
9%
2005Playground of Destruction, World in FlamesMercenaries
9%
1980Plus, Super, Professor, ArrangementPac-Man
9%
2001Covenant, From the New WorldShadow Hearts
9%
1986Super, Super II, The BeginningAdventure Island
0%
1983Escape from Singe's Castle, Time WarpDragon's Lair
0%
20042005, 2006, 2007, 2008, Live, 2016Football Manager
0%
2005Factions, Nightfall, Eye of the NorthGuild Wars
0%
20072, Band Camp, Art of War, 3Patapon
0%
1989Trials of the Olympian Gods, The BeginningPopulous
0%
1989So You Want To Be A Hero, Wages of WarQuest for Glory
0%
1987Tactics, Delta, Leo, Operation Bitter ChocolateR-Type
0%

Score Distribution

Percentile by Number Answered

Percent of People with Each Score

Your Score History

You have not taken this quiz